000 00728nam a2200217Ii 4500
003 JO-AjNU
008 230605s9999||||xx |||||||||||||| ||und||
017 _a1971/5850
040 _aJO-AjNU
_bara
_erda
_cJO-AjNU
041 _aara
050 1 4 _aHF5547.1988
100 3 _aعبدالباقي،عبدالرحمن/مصطفى السيد سعد الله/جلال محمد باكير,
_eauthor
_97956
245 0 0 _aاسس السكرتارية والحفظ
250 _aط3
264 3 1 _aالقاهرة:دار المعارف بمصر؛1988
300 _a355ص
336 _atext
_btxt
_2rdacontent
337 _aunmediated
_bn
_2rdamedia
338 _avolume
_bnc
_2rdacarrier
650 4 _aالادارة-السكرتارية
_97957
999 _aA541
_c4109
_d4109